000 00755nam a2200289Ia 4500
005 20260324115342.0
008 008 260324s9999 xx 000 0 eng d
020 _a9781315157771
037 _aEBOOK
040 _aCRL
040 _beng
040 _cCRL
041 _2eng
041 _aeng
084 _qCRL
100 _aDonald W. Knight; Caroline Hazlewood; Rob Lamb; Paul G. Samuels; Koji Shiono
_91154331
245 0 _aPractical Channel Hydraulics, 2nd edition
245 0 _bRoughness, Conveyance and Afflux
260 _bTaylor and Francis
260 _c2018
365 _a
365 _b400
856 _uhttp://www.taylorfrancis.com/books/9781315157771
942 _cEBOOK
999 _c1745157
_d1745157